000 00762cam a2200253 4500
001 2681272
008 740201s1973 enkb bs 001 0 eng
010 _a 74153097
020 _a0297766228
_a0297766236 (pbk.)
040 _aDLC
_cCUZ
_dCUZ
_bend
_erda
050 0 0 _aJQ1883
_bMAI
100 2 _aMaitland-Jones, J. F.
245 1 0 _aPolitics in ex-British Africa
_c[by] J. F. Maitland-Jones.
264 _aLondon :
_bWeidenfeld and Nicolson,
_c[1973].
300 _a236 pages.
_bmap.
_c22 cm.
336 _atext
_btxt
337 _aunmediated
_bn
338 _2rdacarrier
490 0 _aModern governments
650 0 _aComparative government.
651 0 _aAfrica
942 _cOS
999 _c44701
_d44701